SPSS enfoque aplicado

Bibliographic Details
Main Author: Quiroz Vieyra, Gerardo
Format: Section = Libro
Language:Undetermined
Spanish
Published: México McGraw-Hill 1988
Subjects:
LEADER 00541nam a2200193Ia 4500
008 240829s9999 xx 000 0 und d
020 |a 968-422-027-8 
040 |a BIBLIOTECA-RUPAP 005.3 Q8 
041 |a spa 
082 |a 005.3 Q8 
100 1 |a Quiroz Vieyra, Gerardo 
245 1 0 |a SPSS enfoque aplicado 
260 |a México  |b McGraw-Hill  |c 1988 
300 |a 230 p. :il. 
650 7 |a PROGRAMAS - SPSS 
650 7 |b  PROGRAMACION - SPSS. I. Fournier García, María de Lourdes, coaut. II. Tit. 
942 |c BK  |2 ddc 
991 |a TEXTO 
999 |c 7237